Ładuje się......

Frontiers of management

Opis bibliograficzny
1. autor: Drucker, Peter F
Format: Printed Book
Język:Undetermined
Wydane: London HeinemannProffesional Publishing Ltd 1986
LEADER 00507nam a2200133Ia 4500
008 161229s9999 xx 000 0 und d
082 |a 658 DRU/FR 
100 |a Drucker, Peter F 
245 |a Frontiers of management 
260 |b HeinemannProffesional Publishing Ltd  |a London  |c 1986 
300 |a xi, 368 
942 |c BK 
999 |c 152495  |d 152495 
952 |0 0  |1 0  |4 0  |6 658_000000000000000_DRUFR  |7 0  |9 151558  |a KAUCLV  |b KAUCLV  |d 2016-12-29  |o 658 DRU/FR  |p 903804  |r 2016-12-29  |w 2016-12-29  |y BK  |z Book transferred from CCBM Library ,Acc.No:2477